000 00260nam a2200109Ia 4500
005 20251222154350.0
008 251222s9999||||xx |||||||||||||| ||spa||
082 _a301.9/M43
100 _a"Mercier, Paul"
245 0 _aHistoria de la antropología
942 _cLIB
999 _c34877
_d34877